000 00278nam a22001217a 4500
008 170222b xxu||||| |||| 00| 0 eng d
041 _aeng
080 _a616 31
100 _a5
101 _aSHF
245 _aORAL REHABILITATION PROBLEMS CASES
_cSCHWEITZER.J.M
942 _2udc
_cBK
999 _c6046
_d6046